000 00449nam a2200169Ia 4500
003 GCL
008 140319s9999 xx 000 0 ara d
040 _aGCL /
_cGCL
082 0 4 _a920
_bب س
100 1 _aبيكر، جيمس
245 1 0 _aسياسةالدبلوماسية /
_cبيكر، جيمس
300 _a975 ص
490 _a
650 0 4 _aالتراجم الذاتية
650 0 4 _aبيكر، جيمس - مذكرات
942 _2ddc
_cBK
999 _c52290
_d52290